Sports Quiz

Random Sports or Soccer Quiz

Soccer Team Crests Quiz Stats

 Plays Quiz Updated Mar 13, 2018

Score 0/28 Timer 05:00
39 Plays Today
Number Teams % Correct
1AC Milan
95.2%
10Real Madrid
93.8%
23Barcelona
93.1%
16Chelsea
93.1%
21Liverpool
90.8%
28Juventus
88.1%
14Bayern Munich
87.4%
25Paris Saint-Germain
86.4%
19Internazionale
85.9%
27Celtic
85.6%
2Ajax
83.7%
12Olympique Lyonnais
79.1%
31Valencia
77.4%
4Olympiacos
71%
Number Teams % Correct
18PSV
69.8%
26Porto
68.8%
13Rangers
67.9%
11Benfica
67.7%
3Boca Juniors
64.4%
7Werder Bremen
63.1%
22Basel
58.7%
6Chicago Fire
58.1%
24Galatasaray
56%
32Shakhtar Donetsk
38.6%
15Flamengo
36.3%
9Sparta Prague
28.8%
5Red Star Belgrade
27.9%
30Vasco da Gama
20.7%

You're not logged in!

Compare scores with friends on all Sporcle quizzes.
Join for Free
OR
Log In

You Might Also Like...

Show Comments

Extras

Top Quizzes Today


Score Distribution

Your Account Isn't Verified!

In order to create a playlist on Sporcle, you need to verify the email address you used during registration. Go to your Sporcle Settings to finish the process.

Report this User

Report this user for behavior that violates our Community Guidelines.

Details: